Регионална библиотека "Любен Каравелов" - Русе

Юлиан (Запис номер 107584)

MARC детайли
000 -Лидер
Контролно поле с фиксирана дължина 01812nam a2200397 c 4500
003 - Код на организацията, давaща контролен номер
Контролно поле BLK
005 - Дата и час на последна редакция
Контролно поле 20180422105806.0
008 - Елементи от данни с фиксирана дължина
fixed length control field 180409b bul|||||r ||||||| ||bul||
010 ## - Наследен системен номер
LC control number KNG00112872000
020 ## - Международен стандартен номер на книга ISBN
Международен стандартен номер на книга ISBN 954-649-621-9
-- издат.: Сиела Софт енд Паблишинг
040 ## - Източник на каталожния запис
Идентификатор на билиотеката - собственик на записа BLK
041 ## - Код за език
Код за езика на текст/звукозапис или на отделно заглавие Български
Код за езика КДБФ Български
080 ## - УДК
Текстов определител УДК Американска литература (на САЩ)
УДК код - определител по УДК 821.111(73)
УДК определител -311.6
УДК - код + определител 821.111(73)-311.6
080 ## - УДК
Текстов определител УДК История на Рим (до 476 г. н. е.). Древен Рим
УДК код - определител по УДК 94(37)
УДК определител (092)
УДК - код + определител 94(37)(092)
080 ## - УДК
Текстов определител УДК Флавий Клавдий Юлиан (Юлиан Апостат). Римски император
УДК код - определител по УДК 929 Юлиан Отстъпник
УДК определител
УДК - код + определител 929 Юлиан Отстъпник
100 1# - Редна дума - Автор
Автор Видал, Гор
Авторска отговорност първи автор
R(LIN) 372312
139 ## - Редно поле
Редна дума Видал, Гор
Авторски знак Вид - В 57
245 10 - Сведения за заглавието
Заглавие Юлиан
Подзаглавни данни Роман
Редно поле (дума) Гор Видал; прев. от англ. Васил Атанасов.
250 ## - Област на изданието
Сведения за изданието 4. изд.
257 ## - Страна на издаване
Страна на създаване/издаване Съединени американски щати
260 ## - Област на издателските данни
-- София
Име на издателя, разпространителя и проч. Сиела Софт енд Паблишинг
Година на издаване 2004
300 ## - Физическа характеристика
Страници 536 с.
Размери/Мащаб 21 см
380 ## - Жанр
Жанр Худож. лит.
490 1# - СЕРИИ (Колекции)
Име на серия Популярна класика
500 ## - Общи забележки
Забележка Ориг. загл. Julian / Gore Vidal. - 1. изд. 1970 на изд. Нар. култура в сер. Световни образи. - Библиогр. с. 535. - Офс. изд.
504 ## - Забележка за наличие на библиография и др
Забележка за наличие на библиография и под. 535
600 14 - Име на лице, използвано като предмет
За него / За нея Юлиан Отстъпник
9 (RLIN) 258370
653 ## - Ключова дума – ненормативна
Ключова дума романизувани биографии
653 ## - Ключова дума – ненормативна
Ключова дума романи
700 1# - Други автори (авторска отговорност)
Лично име Атанасов, Васил
Автороска отговорност (Описва отношението между автора и произведението) прев. от англ.
Друга информация Иванов, Васил Атанасов
9 (RLIN) 364724
852 ## - Местоположение
Форматна сигнатура Цб 219383
856 4# - Електронен адрес и достъп
Електронен формат pdf - файл
Път до файла /url/
856 4# - Електронен адрес и достъп
Електронен формат pdf - файл
Път до файла /url/
942 ## - АРТИКУЛИ
Вид на библиотечния материал Книги
Скрит в OPAC Не
944 ## - СЪЗДАВАНЕ И РЕДАКЦИЯ на ЗАПИСА
Създаване/Редакция Създаване
Дата на регистрацията/редакция 05.05.2004
Служител, извършил регистрацията/редакцията Валя_Йорданова
944 ## - СЪЗДАВАНЕ И РЕДАКЦИЯ на ЗАПИСА
Създаване/Редакция Редакция
Дата на регистрацията/редакция 22.06.2005
Служител, извършил регистрацията/редакцията
999 ## - СИСТЕМНИ КОНТРОЛНИ НОМЕРА
Koha biblionumber 107584
Koha biblioitemnumber 107584
Наличности
Код за отписване Код за изгубен артикул Източник на класификационната схема Код за повреда Коз за рестрикции Код за отдаване Артикулен № Име на библиотеката - собственик Име на библиотеката, в която се намира в момента Статус (Текущо местоположение) Дата на вписване в системата Местоположение - отдел Цена в лева Инвентарен номер Систематично азбучна сигнатура Баркод Номер на екземпляра Цена в евро Служебна бележка Служебен тип на артикула
Изтеглен Не е изгубен Universal Decimal Classification Не е повреден без рестрикции заемане за дома 173572 Регионална библиотека "Любен Каравелов" Русе Регионална библиотека "Любен Каравелов" Русе Заемна - подръчен фонд 2004-05-05 Заемна - подръчен фонд 12.00 120000685213 П 820(73)-31/В 57 120000685213 1 6.14 Дост: Pk Вид: Ф N: 16 Дата: 05.05.2004 Книги
  Не е изгубен   Не е повреден без рестрикции ползва се в читалня 173573 Регионална библиотека "Любен Каравелов" Русе Регионална библиотека "Любен Каравелов" Русе Хранилище 2005-06-22 Хранилище 12.00 120000695019 Цб 219383 120000695019 2 6.14 Дост: Dp Вид: Д N: 32 Дата: 28.07.2004 Книги
Vip Innovations Ltd, Rousse, Bulgaria 2025